000 00668nam a2200241Ia 4500
003 OSt
005 20220926013134.0
006 a|||||r|||| 00| 0
007 ta
008 220923b |||||||| |||| 00| 0 eng d
037 _cGeneral Book
040 _aRTL
_cRTL
_beng
041 _2eng
_aeng
082 _aX:8K, M4
100 _aMoriarity Shane
_9317844
245 0 _aCost accounting
260 _aNew York
_bHarper and Row U S A
_c1984
300 _axxi, 970p. Bib chapterwise
_ccm.
650 _aCost Accuounts
700 _a Allen Carl P
_9317845
942 _hX:8K, M4
_cGB
_2CC
999 _c625212
_d625212